000 00894nam a2200229 a 4500
008 120416s1982 ||||||||||||||||| || u
020 _a0884108864
050 _aT 23 Bot
100 _aDimancescu, Dan
245 1 0 _aGlobal stakes: the future of high technology in America
260 _aCambridge, Mass.:
_bBallinger Publishing Co
_c1982
300 _a[vi], 237p. : ill.
350 _a0.00
500 _aIncludes bibliographical references and index.
650 _aTECHNICAL EDUCATION--GOVERNMENT POLICY--UNITED STATES
650 _aTECHNOLOGY AND STATE--UNITED STATES
650 _aHIGH TECHNOLOGY--UNITED STATES
650 _aUNITED STATES - ECONOMIC POLICY - 1981-1993
700 _aBotkin, James W
700 _aStata, Ray
995 _D0.00
_FCBU-MAIN LIBRARY (Kitwe)
_H1
_I0.00
_M1
_UAVAILABLE
_ZAnnex Low-Usage Collection
999 _c44708
_d44708